<?xml version="1.0" encoding="UTF-8"?>
<record
    xmlns:xsi="http://www.w3.org/2001/XMLSchema-instance"
    xsi:schemaLocation="http://www.loc.gov/MARC21/slim http://www.loc.gov/standards/marcxml/schema/MARC21slim.xsd"
    xmlns="http://www.loc.gov/MARC21/slim">

  <leader>00773nam a22001937a 4500</leader>
  <controlfield tag="005">20240703163656.0</controlfield>
  <datafield tag="010" ind1=" " ind2=" ">
    <subfield code="a">ENG-140743</subfield>
  </datafield>
  <datafield tag="020" ind1=" " ind2=" ">
    <subfield code="c">2275.00</subfield>
    <subfield code="a">9788194737919</subfield>
  </datafield>
  <datafield tag="035" ind1=" " ind2=" ">
    <subfield code="a">EN-124275</subfield>
  </datafield>
  <datafield tag="037" ind1=" " ind2=" ">
    <subfield code="b">DBAD</subfield>
  </datafield>
  <datafield tag="082" ind1=" " ind2=" ">
    <subfield code="a">666.5</subfield>
  </datafield>
  <datafield tag="100" ind1=" " ind2=" ">
    <subfield code="a">Tripathi, P.K.</subfield>
    <subfield code="9">68075</subfield>
  </datafield>
  <datafield tag="245" ind1=" " ind2=" ">
    <subfield code="a">Handbook on Gypsum and Gypsum based Products</subfield>
    <subfield code="b">(Mining, Processing, Transportation, Handling &amp; Storage, Gypsum Board, Plaster of paris with Machinery &amp; Equipment Details)</subfield>
  </datafield>
  <datafield tag="250" ind1=" " ind2=" ">
    <subfield code="a">First</subfield>
  </datafield>
  <datafield tag="260" ind1=" " ind2=" ">
    <subfield code="a">Delhi</subfield>
    <subfield code="b">NIIR PROJECT CONSULTANCY SERVICES</subfield>
    <subfield code="c">2022</subfield>
  </datafield>
  <datafield tag="270" ind1=" " ind2=" ">
    <subfield code="a">106-E, Kamla Nagar,</subfield>
    <subfield code="b">Delhi</subfield>
    <subfield code="e">110007</subfield>
    <subfield code="k">+911123843955</subfield>
    <subfield code="k">+911123845886</subfield>
    <subfield code="k">+911123845654</subfield>
    <subfield code="l">+911123845886</subfield>
    <subfield code="m">info@niir.org</subfield>
    <subfield code="m">npcs.india@gmail.com</subfield>
  </datafield>
  <datafield tag="300" ind1=" " ind2=" ">
    <subfield code="a">xxi, 344p.</subfield>
    <subfield code="c">21cm (pb)</subfield>
  </datafield>
  <datafield tag="942" ind1=" " ind2=" ">
    <subfield code="2">ddc</subfield>
    <subfield code="c">EN</subfield>
    <subfield code="h">666.8</subfield>
    <subfield code="m">TRI</subfield>
  </datafield>
  <datafield tag="999" ind1=" " ind2=" ">
    <subfield code="c">203922</subfield>
    <subfield code="d">203922</subfield>
  </datafield>
  <datafield tag="952" ind1=" " ind2=" ">
    <subfield code="0">0</subfield>
    <subfield code="1">0</subfield>
    <subfield code="4">0</subfield>
    <subfield code="7">1</subfield>
    <subfield code="8">NFIC</subfield>
    <subfield code="a">DBAD</subfield>
    <subfield code="b">DBAD</subfield>
    <subfield code="d">2024-07-03</subfield>
    <subfield code="e">DBAD</subfield>
    <subfield code="g">2275.00</subfield>
    <subfield code="l">0</subfield>
    <subfield code="o">666.8 TRI</subfield>
    <subfield code="p">EN-124275</subfield>
    <subfield code="r">2024-07-03 00:00:00</subfield>
    <subfield code="t">1</subfield>
    <subfield code="v">2275.00</subfield>
    <subfield code="w">2024-07-03</subfield>
    <subfield code="y">EN</subfield>
  </datafield>
</record>
